Introducción a la Contabilidad Gerencial (Registro nro. 1391)

Detalles MARC
000 -LEADER
fixed length control field 01660 a2200205 4500
001 - CONTROL NUMBER
control field 25509
005 - DATE AND TIME OF LATEST TRANSACTION
control field 20260407155539.0
008 - FIXED-LENGTH DATA ELEMENTS--GENERAL INFORMATION
fixed length control field 260407a1968 arg spa d
003 - CONTROL NUMBER IDENTIFIER
control field AR-UNSa-BCEJYS
040 ## - CATALOGING SOURCE
Original cataloging agency AR-UNSa-BCEJYS
Language of cataloging spa
Transcribing agency AR-UNSa-BCEJYS
080 ## - UNIVERSAL DECIMAL CLASSIFICATION NUMBER
Universal Decimal Classification number 657.05
Common auxiliary subdivision Contabilidad de gestión (Contabilidad gerencial, control de gestión...)
100 1# - MAIN ENTRY--PERSONAL NAME
Personal name Herrscher, Enrique G.
245 10 - TITLE STATEMENT
Title Introducción a la Contabilidad Gerencial
Name of part/section of a work una selección polémica
264 #1 - PRODUCTION, PUBLICATION, DISTRIBUTION, MANUFACTURE, AND COPYRIGHT NOTICE
Place of production, publication, distribution, manufacture Buenos Aires :
Name of producer, publisher, distributor, manufacturer PROINVERT
Date of production, publication, distribution, manufacture, or copyright notice 1968
300 ## - PHYSICAL DESCRIPTION
Extent 241 p.
Dimensions 23 cm.
505 ## - FORMATTED CONTENTS NOTE
Formatted contents note 1. Observaciones sobre la evolución de la Contabilidad y sus tendencias modernas - 2. La contabilidad gerencial como actitud profesional - 3. Consideraciones sobre la práctica de la contabilidad gerencial - 5. Consideraciones sobre la ubicación de la contabilidad gerencial dentro de la disciplina contable - 6. Algunos problemas de planeamiento y control que afectan a la implementación de técnicas de contabilidad gerencial en paises en desarrollo - 7. Observaciones sobre la gestión financiera en paises en desarrollo y su influencia sobre las técnicas de contabilidad gerencial - 8. Observaciones sobre la aplicación de técnicas de contabilidad gerencial en el medio empresario rioplatense - 9. Algunas consideraciones y referencias bibliográficas sobre el concepto de Contabilidad gerencial - 10. Contabilidad, contabilidad patrimonila y contabilidad gerencial : Ensayo de un modelo.
590 ## - LOCAL NOTE (RLIN)
Local note niveau_biblio:m niveau_hierar:0
856 41 - ELECTRONIC LOCATION AND ACCESS
Uniform Resource Identifier <a href="https://biblioeco.unsa.edu.ar/pmb/images/libros/Contabilidad Gerencial (una seleccion polemica).jpg">https://biblioeco.unsa.edu.ar/pmb/images/libros/Contabilidad Gerencial (una seleccion polemica).jpg</a>
Link text Imagen de portada
Electronic format type image/jpeg
942 ## - ADDED ENTRY ELEMENTS (KOHA)
Koha item type
Existencias
Withdrawn status Lost status Damaged status Not for loan Home library Current library Shelving location Date acquired Total checkouts Full call number Barcode Date last seen Price effective from Koha item type
        Biblioteca Prof. Eusebio Cleto del Rey Biblioteca Prof. Eusebio Cleto del Rey   07/04/2026   657.05 H564c L23239 07/04/2026 07/04/2026 Libro
        Biblioteca Prof. Eusebio Cleto del Rey Biblioteca Prof. Eusebio Cleto del Rey   07/04/2026   657.05 H564c L23240 07/04/2026 07/04/2026 Libro
        Biblioteca Prof. Eusebio Cleto del Rey Biblioteca Prof. Eusebio Cleto del Rey   07/04/2026   657.05 H564c L23238 07/04/2026 07/04/2026 Libro